00366 a2200145 4500003000400000005001700004008004100021020001800062040000900080082001900089100002300108245004100131260003900172300000900211OSt20231220123220.0231220b |||||||| |||| 00| 0 eng d a7988181438010 coclc a891.433bMIS/P aMishra, Ramdarash  aPANI KE PRACHEER /cRamdharsh Mishra aNew Delhi:bVani Prakashan,c2008. a227p